| 000 | 00430nam a22001457a 4500 | ||
|---|---|---|---|
| 008 | 250321b |||||||| |||| 00| 0 eng d | ||
| 020 | _a9780357950661 | ||
| 050 |
_aTK105.59 _b.W55 |
||
| 100 | _aWilson Robert S. | ||
| 245 | _aCompTIA pentest t;guide to penetration testing | ||
| 260 |
_aU.S _bCenguge learning Inc _c2024 |
||
| 300 | _axiv,482p | ||
| 650 | _apenetration testing [computer security] exermination study | ||
| 942 | _cBK | ||
| 999 |
_c2598 _d2598 |
||